000 00856nam a22001695i 4500
001 168047
003 ES-MaACL
005 20230906213651.0
008 051004s1892 sp | |||||||| ||spa d
040 _aCAM
_bspa
_cCAM
100 1 _aYastrzembice Yendrzeyowski y Abad, Alberto.
_9133984
245 1 0 _aMemoria leída ante el Claustro de la Facultad de Medicina de la Universidad Central en el solemne acto de graduarse de doctor en la expresada Facultad /
_cpor el licenciado en la misma Alberto Yastrzembice Yendrzeyowski y Abad.
260 _aAlcalá de Henares :
_b[s.n.],
_c1892 (
_fImp. de Federico García Carballo)
300 _a23 p. ;
_c21 cm.
594 _aTít. del discurso: "La medicación antiflojística según el concepto moderno"
852 _aES-MaACL
_jT-858-F-8
_z-- Enc. hol., conservando la cub. original
_z-- Enc. en un vol. facticio
999 _c168047
_d168047